La distribución de los autovalores del problema de Dirichlet del operador diferencial bidimensional de Sturm-Liouville : teoremas asintóticos de Hermann Weyl y de Torsten Carleman /
Guardado en:
| Autor Principal: | |
|---|---|
| Otros Autores: | |
| Formato: | Libro |
| Idioma: | English |
| Publicado: |
Bahía Blanca :
INMABB-CONICET, Universidad Nacional del Sur,
2011.
|
| Series: | Notas de álgebra y análisis (Instituto de Matemática, Universidad Nacional del Sur) ;
22 |
| Acceso en línea: | Versión PDF |
| Etiquetas: |
Agregar Etiqueta
Sin Etiquetas, Sea el primero en etiquetar este registro!
|
| LEADER | 01183nam a22002295a 4500 | ||
|---|---|---|---|
| 001 | MAT.inmabb006548 | ||
| 008 | 120627s2011####ag#a#####b####001#0#eng#d | ||
| 005 | 20120627161801.0 | ||
| 245 | 1 | 3 | |a La distribución de los autovalores del problema de Dirichlet del operador diferencial bidimensional de Sturm-Liouville : |b teoremas asintóticos de Hermann Weyl y de Torsten Carleman / |c A. Benedek y R. Panzone. |
| 260 | |a Bahía Blanca : |b INMABB-CONICET, Universidad Nacional del Sur, |c 2011. | ||
| 300 | |a vii, 79 p. ; |c 28 cm. | ||
| 490 | 0 | |a Notas de álgebra y análisis, |x 0078-2009 ; |v 22 | |
| 504 | |a Incluye referencias bibliográficas (p. 75-76) e índices. | ||
| 510 | 4 | |a MR, |c 2849990 | |
| 530 | |a Disponible también en formato PDF en el sitio web del INMABB. | ||
| 100 | 1 | |a Benedek, Agnes Ilona. | |
| 700 | 1 | |a Panzone, Rafael. | |
| 830 | 0 | |a Notas de álgebra y análisis (Instituto de Matemática, Universidad Nacional del Sur) ; |v 22 | |
| 246 | 3 | 0 | |a Teoremas asintóticos de Hermann Weyl y de Torsten Carleman |
| 084 | |a 35P20 (34L20 35J05 35P15 47A75 47E05) |2 msc2000 | ||
| 856 | 4 | 1 | |u http://inmabb-conicet.gob.ar/publicaciones/naa/naa-22.pdf |y Versión PDF |
| 859 | |p B-899-22 |b BIB. MATEMATICA | ||
